[Event "Bay Area International"]
[Site "?"]
[Date "2014.01.07"]
[Round "8"]
[White "Ishkhanov, Tigran"]
[Black "Bregadze, Levan"]
[Result "0-1"]
[WhiteElo "2314"]
[BlackElo "2417"]
[PlyCount "124"]
[EventDate "1.??.??"]

1. d4 Nf6 2. c4 g6 3. Nc3 Bg7 4. e4 d6 5. Nf3 O-O 6. Be2 Bg4 7. O-O Nbd7 8. Be3
e5 9. d5 Nc5 10. h3 Bxf3 11. Bxf3 a5 12. a3 Nfd7 13. b4 axb4 14. axb4 Rxa1 15.
Qxa1 Nb3 16. Qa7 Nd4 17. Be2 Qb8 18. Bxd4 exd4 19. Qxb8 Nxb8 20. Nb5 Na6 21.
Rd1 Nxb4 22. Nxc7 Na2 23. Ra1 Nc3 24. Bd3 Rc8 25. Na8 Re8 26. Nc7 Rc8 27. Na8
h5 28. Ra7 Re8 29. f3 Kh7 30. Nb6 f5 31. c5 fxe4 32. fxe4 Nxe4 33. c6 Nc5 34.
c7 Nxd3 35. c8=Q Rxc8 36. Nxc8 Nb2 37. Rxb7 d3 38. Rxb2 Bxb2 39. Kf2 Bd4+ 40.
Ke1 Bc3+ 41. Kf2 Bb4 42. Ne7 Kg7 43. Nc6 Bc3 44. g4 hxg4 45. hxg4 Kf6 46. Ke3
d2 47. Ke2 Kg5 48. Ne7 Bf6 49. Nc8 Be5 50. Ne7 Bf4 51. Kd1 Kf6 52. Nc6 Bh6 53.
Ke2 Kg5 54. Kxd2 Kxg4+ 55. Ke2 Kf4 56. Ne7 g5 57. Nc8 Bf8 58. Nb6 Bg7 59. Nc4
Be5 60. Nd2 g4 61. Kf2 g3+ 62. Kg2 Ke3 0-1

[Event "Bay Area International"]
[Site "?"]
[Date "2014.01.07"]
[Round "8"]
[White "Iyengar, Udit"]
[Black "Klotz-Burwell, Hunter"]
[Result "1-0"]
[WhiteElo "2031"]
[BlackElo "2006"]
[PlyCount "107"]
[EventDate "1.??.??"]

1. e4 e5 2. Nf3 Nf6 3. Nxe5 d6 4. Nf3 Nxe4 5. Nc3 Nxc3 6. dxc3 Be7 7. Be3 Nc6
8. Qd2 Bg4 9. Be2 Qd7 10. O-O O-O 11. a4 a5 12. h3 Bh5 13. Nd4 Bxe2 14. Qxe2
Rfe8 15. Qf3 Bf6 16. Nb5 Rab8 17. Rad1 Ne5 18. Qg3 Nc4 19. Bc1 Rbc8 20. b3 Nb6
21. Be3 Na8 22. c4 Qf5 23. Rd2 Re4 24. Rd5 Re5 25. Qg4 Qxg4 26. hxg4 Re4 27. g5
Be5 28. Rd3 Re8 29. Rfd1 Bf4 30. Nc3 Rxe3 31. fxe3 Bxe3+ 32. Kf1 Bxg5 33. Re1
Re6 34. Rd5 Bf6 35. Rxe6 fxe6 36. Rxa5 Nb6 37. Ne4 Be7 38. Ra7 d5 39. cxd5 exd5
40. a5 dxe4 41. axb6 cxb6 42. Rxb7 Bc5 43. c3 Kf8 44. b4 Be3 45. Ke2 Bg1 46. c4
h5 47. Rc7 h4 48. c5 bxc5 49. bxc5 Bd4 50. c6 Be5 51. Rd7 Ke8 52. Ke3 g5 53.
Kxe4 Bf4 54. Kf5 1-0

[Event "Bay Area International"]
[Site "?"]
[Date "2014.01.07"]
[Round "8"]
[White "Jue, Wang"]
[Black "Ipatov, Alexander"]
[Result "0-1"]
[WhiteElo "2396"]
[BlackElo "2615"]
[PlyCount "140"]
[EventDate "1.??.??"]

1. e4 c5 2. Ne2 Nf6 3. Nbc3 d5 4. exd5 Nxd5 5. Nxd5 Qxd5 6. d4 Nc6 7. Be3 cxd4
8. Nxd4 a6 9. Be2 e5 10. Bf3 e4 11. Be2 Be7 12. Qd2 O-O 13. c4 Qd6 14. O-O-O
Ne5 15. Qc2 Qg6 16. h4 h5 17. Kb1 Bg4 18. Bxg4 Nxg4 19. Ne2 Nxe3 20. fxe3 Qxg2
21. Rhg1 Qf2 22. Rdf1 Qxe3 23. Rg3 Qh6 24. Nd4 Bf6 25. Nf5 Qh7 26. Qxe4 Rfe8
27. Qc2 Kh8 28. Rd3 Re6 29. a3 Rae8 30. Rd2 Re1+ 31. Rxe1 Rxe1+ 32. Ka2 Rf1 33.
Rd5 Qg6 34. c5 Bxh4 35. Qd3 Rf4 36. Nxh4 Qxd3 37. Rxd3 Rxh4 38. Rd7 Rc4 39. b4
h4 40. Rxb7 h3 41. Rxf7 g5 42. Rf1 Re4 43. Kb3 g4 44. c6 h2 45. c7 Re8 46. Rd1
Kg7 47. Rd8 Re3+ 48. Kc2 h1=Q 49. c8=Q Qe4+ 50. Kb2 Qe5+ 51. Kc2 Qe4+ 52. Kb2
Qg2+ 53. Kc1 Re1+ 54. Rd1 Rxd1+ 55. Kxd1 Qf1+ 56. Kc2 Qe2+ 57. Kb3 Kf6 58. Qf8+
Kg5 59. Qg7+ Kf4 60. Qf6+ Kg3 61. Ka4 Kh2 62. Qh6+ Kg1 63. Qc1+ Kf2 64. Qc5+
Ke1 65. Qc3+ Kd1 66. Qd4+ Kc2 67. Qc5+ Kb1 68. Ka5 Qb5+ 69. Qxb5 axb5 70. Kxb5
g3 0-1

[Event "Bay Area International"]
[Site "?"]
[Date "2014.01.07"]
[Round "8"]
[White "Mackenzie, Dana"]
[Black "Wheeler, Cameron"]
[Result "0-1"]
[WhiteElo "2068"]
[BlackElo "2192"]
[PlyCount "66"]
[EventDate "2014.??.??"]

1. e4 e6 2. d4 d5 3. Nc3 Nf6 4. Bg5 Be7 5. Bxf6 Bxf6 6. Nf3 O-O 7. Qd2 c5 8. e5
Be7 9. dxc5 Bxc5 10. Bd3 Nc6 11. O-O f6 12. exf6 Qxf6 13. Na4 Bd6 14. c4 Ne5
15. Nxe5 Qxe5 16. f4 Rxf4 17. Qxf4 Qxf4 18. Rxf4 Bxf4 19. Re1 d4 20. Be4 Rb8
21. Re2 Be3+ 22. Kh1 b5 23. cxb5 Rxb5 24. Rc2 Bb7 25. Bd3 Ra5 26. b3 Ba6 27.
Bxa6 Rxa6 28. Rc8+ Kf7 29. Rc7+ Kf6 30. Rd7 Rc6 31. g3 Rc2 32. Rxa7 d3 33. Rd7
d2 0-1

[Event "Bay Area International"]
[Site "?"]
[Date "2014.01.07"]
[Round "8"]
[White "Manvelyan, Hayk"]
[Black "Viswanadha, Kesav"]
[Result "1/2-1/2"]
[WhiteElo "2282"]
[BlackElo "2153"]
[PlyCount "77"]
[EventDate "1.??.??"]

1. d4 Nf6 2. c4 e6 3. g3 d5 4. Bg2 dxc4 5. Qa4+ Nbd7 6. Nf3 a6 7. Qxc4 b5 8.
Qc2 Bb7 9. Nc3 c5 10. O-O Rc8 11. Qd1 cxd4 12. Nxd4 Bxg2 13. Kxg2 Be7 14. Bg5
b4 15. Na4 Qa5 16. Nf3 h6 17. Bxf6 Nxf6 18. Qb3 O-O 19. Rac1 Ne4 20. Rfd1 Bf6
21. Rc2 Ng5 22. Nxg5 hxg5 23. Rdc1 Rxc2 24. Rxc2 Be7 25. Rc6 Qb5 26. Qc2 Rd8
27. b3 a5 28. Nb2 g6 29. Qc4 Qe5 30. Qc2 Kg7 31. Nd3 Qf5 32. Qc4 g4 33. Rb6 e5
34. Rb7 Rd4 35. Qc6 Rd6 36. Qc4 Rd4 37. Qc6 Rd6 38. Qc4 Rxd3 39. Qc6 1/2-1/2

[Event "Bay Area International"]
[Site "?"]
[Date "2014.01.07"]
[Round "8"]
[White "Melekhina, Alisa"]
[Black "Kiewra, Keaton"]
[Result "1/2-1/2"]
[WhiteElo "2188"]
[BlackElo "2413"]
[PlyCount "135"]
[EventDate "1.??.??"]

1. e4 c5 2. c3 g6 3. d4 cxd4 4. cxd4 d5 5. exd5 Nf6 6. Bb5+ Nbd7 7. Nc3 Bg7 8.
Nge2 O-O 9. O-O Nb6 10. Bf4 Nbxd5 11. Be5 a6 12. Bc4 b5 13. Nxd5 Nxd5 14. Bxd5
Qxd5 15. Nc3 Qc6 16. d5 Qb6 17. Bxg7 Kxg7 18. Re1 Ra7 19. a4 bxa4 20. Nxa4 Qf6
21. Qe2 Rd8 22. Qc4 Rad7 23. Nc3 Bb7 24. Ra5 Qb6 25. b4 Qf6 26. h3 h5 27. Re3
Kg8 28. Qe2 Rc7 29. Rf3 Qd4 30. Qb2 Rxd5 31. Rxd5 Bxd5 32. Re3 Rb7 33. Qa3 Bc4
34. b5 Bxb5 35. Nxb5 Rxb5 36. Qxe7 Rb1+ 37. Re1 Rxe1+ 38. Qxe1 Qa4 39. Qe5 a5
40. Qb8+ Kh7 41. Qc7 Qa2 42. g4 hxg4 43. hxg4 a4 44. Qh2+ Kg7 45. Qe5+ f6 46.
Qc7+ Qf7 47. Qa5 Qd7 48. g5 Qg4+ 49. Kf1 fxg5 50. Qe5+ Kf7 51. Qc7+ Ke8 52.
Qe5+ Kd8 53. Qa5+ Ke7 54. Qc5+ Kd7 55. Qd5+ Kc8 56. Qc5+ Kb7 57. Qb5+ Kc7 58.
Qc5+ Kd8 59. Qa5+ Ke8 60. Qe5+ Kf7 61. Qc7+ Kf6 62. Qd8+ Ke5 63. Qa5+ Ke6 64.
Qb6+ Kd7 65. Qb5+ Ke6 66. Qc6+ Ke7 67. Qc5+ Kd8 68. Qa5+ 1/2-1/2

[Event "Bay Area International"]
[Site "?"]
[Date "2014.01.07"]
[Round "8"]
[White "Mikhalevski, Victor"]
[Black "Naroditsky, Daniel"]
[Result "1/2-1/2"]
[WhiteElo "2536"]
[BlackElo "2535"]
[PlyCount "54"]
[EventDate "2014.??.??"]

1. d4 Nf6 2. Nf3 g6 3. g3 Bg7 4. Bg2 O-O 5. O-O d6 6. Nc3 d5 7. Ne5 c6 8. Bf4
Nh5 9. Bc1 Nf6 10. Kh1 Be6 11. h3 Nbd7 12. f4 Ne4 13. Nxe4 dxe4 14. b3 Nxe5 15.
dxe5 f6 16. exf6 exf6 17. Bb2 f5 18. Bxg7 Kxg7 19. Qxd8 Rfxd8 20. Rfd1 a5 21.
Kg1 Rxd1+ 22. Rxd1 a4 23. Rd2 Ra5 24. Kf2 axb3 25. cxb3 c5 26. Rc2 b6 27. Bf1
Kf6 1/2-1/2

[Event "Bay Area International"]
[Site "?"]
[Date "2014.01.07"]
[Round "8"]
[White "Remlinger, Larry"]
[Black "Gurevich, Daniel"]
[Result "0-1"]
[WhiteElo "2304"]
[BlackElo "2272"]
[PlyCount "124"]
[EventDate "1.??.??"]

1. Nf3 g6 2. e4 c5 3. c4 Nc6 4. d4 cxd4 5. Nxd4 Nf6 6. Nc3 d6 7. Nc2 Bg7 8. Be2
O-O 9. O-O Nd7 10. Be3 Bxc3 11. bxc3 Nc5 12. f3 Qa5 13. Qe1 Bd7 14. Nb4 Rac8
15. Qh4 f6 16. Nd5 Rf7 17. Kh1 b6 18. Rfe1 Kh8 19. Bf1 g5 20. Qg3 Rg8 21. Bd4
Ne6 22. Be3 Ne5 23. Reb1 Nc5 24. Be2 Qa6 25. a4 g4 26. f4 Nc6 27. e5 Bf5 28.
Rf1 Be4 29. Nc7 Qc8 30. exd6 exd6 31. Nb5 Nb7 32. Rad1 Qe6 33. f5 Qe5 34. Bf4
Qxf5 35. Bxd6 Qg6 36. c5 Nba5 37. cxb6 axb6 38. Bb4 Bc2 39. Bd3 Bxd3 40. Qxd3
Qxd3 41. Rxd3 Nc4 42. Kg1 Ra8 43. Rf4 N4e5 44. Rd6 Rxa4 45. Rfxf6 Rxf6 46. Rxf6
Kg7 47. Rd6 Nxb4 48. cxb4 Rxb4 49. Rxb6 Rb2 50. Rb7+ Kg6 51. Nd6 Rc2 52. Rb3 h5
53. Re3 Kf6 54. Ne4+ Ke6 55. h3 h4 56. hxg4 Rc1+ 57. Kf2 Nxg4+ 58. Ke2 Rc2+ 59.
Nd2+ Nxe3 60. Kxe3 Kf5 61. Kd3 Ra2 62. Nf1 Kf4 0-1

[Event "Bay Area International"]
[Site "?"]
[Date "2014.01.07"]
[Round "8"]
[White "Rui, Gao"]
[Black "Gorovets, Andrey"]
[Result "1/2-1/2"]
[WhiteElo "2454"]
[BlackElo "2494"]
[PlyCount "70"]
[EventDate "1.??.??"]

1. e4 c5 2. Nf3 e6 3. d4 cxd4 4. Nxd4 a6 5. Nc3 Qc7 6. Bd3 Bd6 7. Nf3 Nc6 8.
O-O Nge7 9. Be3 O-O 10. h3 Bf4 11. Bxf4 Qxf4 12. Qd2 Qxd2 13. Nxd2 b5 14. a4 b4
15. Nd1 f5 16. exf5 Nxf5 17. Nc4 a5 18. Nde3 Nxe3 19. fxe3 Rxf1+ 20. Rxf1 Ba6
21. Nb6 Bxd3 22. cxd3 Ra7 23. Rc1 Ne5 24. d4 Nd3 25. Rc8+ Kf7 26. b3 e5 27. Nc4
exd4 28. exd4 d5 29. Nb6 Nf4 30. Kf2 Re7 31. h4 Re4 32. g3 Nd3+ 33. Kf3 Ne1+
34. Kf2 Nd3+ 35. Kf3 Ne1+ 1/2-1/2

[Event "Bay Area International"]
[Site "?"]
[Date "2014.01.07"]
[Round "8"]
[White "Ruiz, Joshua"]
[Black "Betaneli, Alex"]
[Result "0-1"]
[WhiteElo "2374"]
[BlackElo "2250"]
[PlyCount "26"]
[EventDate "2014.??.??"]

1. e4 e5 2. Nf3 Nc6 3. d4 exd4 4. Nxd4 Nf6 5. Nxc6 bxc6 6. e5 Ne4 7. Qf3 Ng5 8.
Qg3 Be7 9. Bd3 O-O 10. O-O d5 11. f4 Ne4 12. Bxe4 dxe4 13. Be3 Bh4 0-1

[Event "Bay Area International"]
[Site "?"]
[Date "2014.01.07"]
[Round "8"]
[White "Santarius, Erik"]
[Black "Hernandez, Holden"]
[Result "1/2-1/2"]
[WhiteElo "2343"]
[BlackElo "2548"]
[PlyCount "118"]
[EventDate "1.??.??"]

1. e4 c6 2. d4 d5 3. Nd2 dxe4 4. Nxe4 Bf5 5. Ng3 Bg6 6. N1e2 Nd7 7. Nf4 e5 8.
Nxg6 hxg6 9. dxe5 Qa5+ 10. Bd2 Qxe5+ 11. Qe2 Ngf6 12. Qxe5+ Nxe5 13. Bc3 Ned7
14. Be2 Nd5 15. Bd2 O-O-O 16. O-O-O N7f6 17. h3 Bd6 18. Bf3 Bf4 19. Rhe1 Bxd2+
20. Rxd2 Nc7 21. Re7 Rhf8 22. c4 Rde8 23. Rde2 Ne6 24. Rxe8+ Rxe8 25. Ne4 Kc7
26. Nxf6 gxf6 27. Kd2 Rh8 28. Kc3 f5 29. Re3 f4 30. Rd3 Ng5 31. c5 f5 32. b4
Nf7 33. Bd1 Ne5 34. Rd6 f3 35. Bxf3 Nxf3 36. gxf3 Rxh3 37. Rxg6 Rxf3+ 38. Kd4
a6 39. Rg7+ Kb8 40. Rg8+ Ka7 41. a4 Rf4+ 42. Kc3 a5 43. bxa5 Rxa4 44. Rg1 Rf4
45. Rf1 Ka6 46. Rb1 Ra4 47. Rb6+ Ka7 48. Rb2 Rxa5 49. Kd4 Ra4+ 50. Ke5 f4 51.
Re2 Ra5 52. Kd6 Ka6 53. Rb2 Ra3 54. Rb6+ Ka7 55. Kc7 Ra2 56. f3 Ra3 57. Rb4 Ka6
58. Rxb7 Rxf3 59. Kxc6 Rh3 1/2-1/2

[Event "Bay Area International"]
[Site "?"]
[Date "2014.01.07"]
[Round "8"]
[White "Shankland, Sam"]
[Black "Roiz, Michael"]
[Result "1/2-1/2"]
[WhiteElo "2602"]
[BlackElo "2614"]
[PlyCount "103"]
[EventDate "1.??.??"]

1. e4 c5 2. Nf3 d6 3. Bb5+ Nd7 4. O-O a6 5. Bxd7+ Bxd7 6. d4 cxd4 7. Qxd4 Rc8
8. c4 e5 9. Qd3 b5 10. Na3 Qb6 11. Bd2 Nf6 12. Rfe1 Be7 13. cxb5 Bxb5 14. Nxb5
Qxb5 15. Qxb5+ axb5 16. Bc3 Rc7 17. Nd2 Rc6 18. a4 bxa4 19. Rxa4 Kd7 20. Ra7+
Rc7 21. Rxc7+ Kxc7 22. Nc4 Kd7 23. Kf1 Rb8 24. f3 Ne8 25. Ke2 Nc7 26. Kd3 f6
27. Ne3 Rb5 28. b4 Rb8 29. Kc4 Rc8 30. Kb3 Rb8 31. Ra1 Bd8 32. Rd1 Ke6 33. Nf5
Ne8 34. Ne3 Nc7 35. Be1 g6 36. Nd5 Nxd5 37. Rxd5 f5 38. Bf2 h5 39. h3 g5 40.
Rd3 fxe4 41. fxe4 g4 42. hxg4 hxg4 43. Rc3 Kd7 44. Be3 Ba5 45. Rc4 Bc7 46. Rc1
Ba5 47. Rc4 Bc7 48. Kb2 Bd8 49. Kc2 Ra8 50. Kb3 Rb8 51. Rc3 Ba5 52. Rc4 1/2-1/2

[Event "Bay Area International"]
[Site "?"]
[Date "2014.01.07"]
[Round "8"]
[White "Shen, Victor"]
[Black "Cornejo, Max"]
[Result "0-1"]
[WhiteElo "2424"]
[BlackElo "2365"]
[PlyCount "68"]
[EventDate "1.??.??"]

1. Nf3 Nf6 2. c4 e6 3. g3 a6 4. Nc3 d5 5. d4 dxc4 6. Bg2 b5 7. Ne5 Ra7 8. e3
Bb7 9. Bxb7 Rxb7 10. Qf3 Rb6 11. a4 Bb4 12. O-O O-O 13. Na2 Ba5 14. Nc3 Bxc3
15. bxc3 Qd5 16. Qe2 Nc6 17. Nxc6 Qxc6 18. axb5 axb5 19. f3 Ra8 20. Rb1 Nd5 21.
Qe1 b4 22. cxb4 c3 23. e4 Nxb4 24. Qe2 Ra2 25. Qe3 Qc4 26. Qg5 f6 27. Qh5 g6
28. Qc5 Qe2 29. Bb2 Rxb2 30. Rxb2 Qxf1+ 31. Kxf1 cxb2 32. Qe7 b1=Q+ 33. Kg2
Qa2+ 34. Kh3 Qa8 0-1

[Event "Bay Area International"]
[Site "?"]
[Date "2014.01.07"]
[Round "8"]
[White "Shiqun, Ni"]
[Black "Chen, Wang"]
[Result "1/2-1/2"]
[WhiteElo "2299"]
[BlackElo "2507"]
[PlyCount "80"]
[EventDate "1.??.??"]

1. e4 c6 2. d4 g6 3. Nc3 Bg7 4. Nf3 d5 5. h3 Nh6 6. Bf4 f6 7. e5 O-O 8. Qd2 Nf7
9. Bd3 c5 10. exf6 Bxf6 11. Be5 Bxe5 12. dxe5 Nc6 13. Bb5 d4 14. Bxc6 dxc3 15.
Qxd8 Rxd8 16. Be4 cxb2 17. Rb1 Bf5 18. Bxf5 gxf5 19. Rxb2 b6 20. Ke2 e6 21. c4
Rd7 22. Rd1 Rxd1 23. Kxd1 Kf8 24. Ke2 Ke7 25. Rb3 Rg8 26. Ra3 Ra8 27. Rd3 Nd8
28. g4 fxg4 29. hxg4 Nc6 30. Rd1 Rg8 31. g5 Rg7 32. Rh1 Nd8 33. Ke3 Nf7 34. Kf4
Nh8 35. Nh4 Nf7 36. Nf3 h6 37. gxh6 Rh7 38. Ke4 Rxh6 39. Rxh6 Nxh6 40. Nh4 Ng4
1/2-1/2

[Event "Bay Area International"]
[Site "?"]
[Date "2014.01.07"]
[Round "8"]
[White "Shivaji, Shivkumar"]
[Black "Banik, Siddharth"]
[Result "1/2-1/2"]
[WhiteElo "2273"]
[BlackElo "2002"]
[PlyCount "112"]
[EventDate "1.??.??"]

1. c4 Nf6 2. Nc3 d5 3. cxd5 Nxd5 4. g3 g6 5. Bg2 Nb6 6. d3 Bg7 7. Be3 Nc6 8.
Qd2 O-O 9. Bxc6 bxc6 10. Bh6 c5 11. h4 Bb7 12. Rh2 f6 13. Bxg7 Kxg7 14. O-O-O
Qd4 15. Nh3 Rad8 16. Nf4 Qd7 17. f3 e5 18. Ng2 Na4 19. Ne3 Ba6 20. b3 Nxc3 21.
Qxc3 Qd4 22. Kd2 e4 23. Qxd4 cxd4 24. Ng2 exf3 25. exf3 Rfe8 26. Rc1 Rd7 27.
Nf4 Re3 28. Re2 Rxf3 29. Ne6+ Kf7 30. Nc5 Rd6 31. Nxa6 Rxa6 32. Rxc7+ Kf8 33.
a4 Rb6 34. Kc2 Rxg3 35. a5 Rb5 36. Rxa7 Rc5+ 37. Kb2 Rxd3 38. Rc2 Rxc2+ 39.
Kxc2 Rc3+ 40. Kb2 Ke8 41. Rxh7 Rc6 42. Rb7 d3 43. Rb4 Rc2+ 44. Ka3 Rc5 45. Re4+
Kf7 46. Kb4 Rd5 47. Re1 d2 48. Rd1 Ke7 49. a6 Rd6 50. Kb5 Rd5+ 51. Kc6 Rd6+ 52.
Kb7 Rd7+ 53. Kb6 Rd6+ 54. Ka5 Rd5+ 55. Kb4 Rd6 56. Kb5 Rd5+ 1/2-1/2

[Event "Bay Area International"]
[Site "?"]
[Date "2014.01.07"]
[Round "8"]
[White "Studen, Damir"]
[Black "Beilin, Allan"]
[Result "1/2-1/2"]
[WhiteElo "2285"]
[BlackElo "2054"]
[PlyCount "204"]
[EventDate "1.??.??"]

1. d4 Nf6 2. c4 g6 3. Nf3 Bg7 4. g3 O-O 5. Bg2 d6 6. O-O Nbd7 7. Nc3 e5 8. e4
exd4 9. Nxd4 c6 10. h3 Qe7 11. Re1 Rd8 12. f4 Nc5 13. Rb1 a5 14. b3 Ne6 15. Be3
Nxd4 16. Bxd4 Ne8 17. Re3 Qc7 18. Rd3 b6 19. Qd2 Bb7 20. Rd1 Rd7 21. Bxg7 Kxg7
22. e5 Rad8 23. Ne4 d5 24. Ng5 Re7 25. cxd5 cxd5 26. Qb2 Kg8 27. Bxd5 Bxd5 28.
Rxd5 Qc5+ 29. R5d4 Rxd4 30. Rxd4 Rd7 31. Nf3 Nc7 32. Kg2 Rxd4 33. Qxd4 Qc2+ 34.
Qd2 Qe4 35. Kf2 Ne6 36. Qe2 Qb1 37. Kg2 Kg7 38. Ng5 Nxg5 39. fxg5 Qc1 40. h4
Qa1 41. Kf3 Qd4 42. Qe3 Qa1 43. a4 Qf1+ 44. Ke4 Qf5+ 45. Kd4 Qd7+ 46. Kc3 Qc6+
47. Kb2 Qg2+ 48. Ka3 Qf1 49. Qc3 Kg8 50. b4 axb4+ 51. Kxb4 Qb1+ 52. Kc4 Qf1+
53. Qd3 Qa1 54. Kb5 Kg7 55. e6 Qe5+ 56. Kxb6 Qxe6+ 57. Kb5 Qe5+ 58. Kb4 Qb8+
59. Ka3 Qf8+ 60. Ka2 Qb4 61. Qb3 Qc5 62. Qb5 Qc7 63. a5 Kg8 64. a6 Qxg3 65.
Qe8+ Kg7 66. Qa4 Qf2+ 67. Ka3 Qg3+ 68. Kb2 Qf2+ 69. Kb3 Qg3+ 70. Kb4 Qxh4+ 71.
Ka5 Qxg5+ 72. Qb5 Qd8+ 73. Qb6 Qd5+ 74. Kb4 Qd2+ 75. Kb5 Qd5+ 76. Qc5 Qd7+ 77.
Kb6 Qd8+ 78. Qc7 Qd4+ 79. Qc5 Qd8+ 80. Kb5 Qd3+ 81. Qc4 Qd7+ 82. Kb4 Qd6+ 83.
Kc3 Qa3+ 84. Kc2 Qe7 85. Qd4+ f6 86. a7 Qc7+ 87. Kd3 Qb7 88. Kc4 h5 89. Qa1
Qc6+ 90. Kd3 Qb5+ 91. Kc2 Qc5+ 92. Kd2 Qd5+ 93. Ke3 Qb3+ 94. Kd4 Qb6+ 95. Kd5
Qb5+ 96. Kd6 Qb6+ 97. Kd7 Qb7+ 98. Kd8 Qd5+ 99. Kc8 Qc6+ 100. Kb8 Qb6+ 101. Ka8
Qc6+ 102. Kb8 Qb6+ 1/2-1/2

[Event "Bay Area International"]
[Site "?"]
[Date "2014.01.07"]
[Round "8"]
[White "Yang, Darwin"]
[Black "Xiong, Jeffery"]
[Result "1-0"]
[WhiteElo "2463"]
[BlackElo "2331"]
[PlyCount "155"]
[EventDate "1.??.??"]

1. c4 e5 2. g3 c6 3. d4 Bb4+ 4. Bd2 Bxd2+ 5. Qxd2 d6 6. Nc3 Nf6 7. Bg2 O-O 8.
e3 Be6 9. b3 exd4 10. Qxd4 d5 11. cxd5 Nxd5 12. Nge2 Nxc3 13. Qxc3 Nd7 14. O-O
Qe7 15. Nf4 Rfd8 16. Rfd1 Nf8 17. Rd4 Rxd4 18. Qxd4 a5 19. Rd1 a4 20. bxa4 Bxa2
21. Ra1 Be6 22. a5 Qc7 23. Qc3 Rd8 24. h3 Bc8 25. a6 bxa6 26. Nd5 Qd6 27. Qxc6
Ng6 28. Qxd6 Rxd6 29. Rb1 Rd8 30. Rb8 Rf8 31. Ra8 Be6 32. Rxa6 Rc8 33. Be4 h5
34. Rd6 Kf8 35. Bxg6 Bxd5 36. Rxd5 fxg6 37. Kg2 Kf7 38. g4 hxg4 39. hxg4 Ke6
40. Rg5 Kf6 41. f4 Rc6 42. Kf3 Rb6 43. Ra5 Rb7 44. Ke4 Rd7 45. Rd5 Ra7 46. Rd6+
Kf7 47. Ke5 Re7+ 48. Kd4 Ra7 49. e4 Ra4+ 50. Ke5 Ra7 51. Rc6 Rd7 52. Rb6 Re7+
53. Kd5 Rd7+ 54. Kc5 Re7 55. Kd5 Rd7+ 56. Rd6 Ra7 57. g5 Ra5+ 58. Kd4 Ra4+ 59.
Ke5 Ra7 60. Rc6 Rd7 61. Rb6 Re7+ 62. Kd5 Rd7+ 63. Kc5 Rd1 64. Rb7+ Kf8 65. e5
Rd2 66. Rb6 Kf7 67. Rd6 Rf2 68. Kd5 Rd2+ 69. Kc6 Ra2 70. Rd7+ Kf8 71. Kd5 Ra5+
72. Ke6 Ra6+ 73. Rd6 Ra8 74. Rc6 Rd8 75. Rc7 Kg8 76. Ke7 Rd4 77. f5 Rd5 78. Ke6
1-0

[Event "Bay Area International"]
[Site "?"]
[Date "2014.01.08"]
[Round "9"]
[White "Aleskerov, Faik"]
[Black "Gerzhoy, Leonid"]
[Result "0-1"]
[WhiteElo "2331"]
[BlackElo "2481"]
[PlyCount "75"]
[EventDate "2014.??.??"]

1. e4 e6 2. d4 d5 3. exd5 exd5 4. Nf3 Nc6 5. Bd3 Bd6 6. O-O Bg4 7. c3 Qd7 8. h3
Bh5 9. Qe1+ Nge7 10. Ne5 Bxe5 11. dxe5 Bg6 12. Bxg6 hxg6 13. Bg5 O-O-O 14. Nd2
Rde8 15. Bxe7 Rxe7 16. f4 f6 17. Nf3 g5 18. fxg5 fxe5 19. Rd1 e4 20. Nh4 Ne5
21. Qg3 g6 22. Rf4 Qd6 23. c4 Nxc4 24. Qg4+ Kb8 25. Rf6 Qc5+ 26. Kh2 Ne3 27.
Qf4 Nxd1 28. Nxg6 Rhe8 29. Nxe7 Qxe7 30. g6 e3 31. g7 e2 32. Rf8 e1=Q 33. g8=Q
a6 34. Rxe8+ Qxe8 35. Qxd5 Nf2 36. h4 Qh1+ 37. Kg3 Nd1 38. Kg4 0-1

[Event "Bay Area International"]
[Site "?"]
[Date "2014.01.08"]
[Round "9"]
[White "Berczes, David"]
[Black "Ishkhanov, Tigran"]
[Result "1-0"]
[WhiteElo "2519"]
[BlackElo "2314"]
[PlyCount "97"]
[EventDate "2014.??.??"]

1. Nf3 d5 2. g3 Nf6 3. Bg2 c6 4. c4 dxc4 5. O-O Nbd7 6. Qc2 Nb6 7. Na3 Qd5 8.
b3 cxb3 9. axb3 e5 10. d3 Qe6 11. d4 Bd6 12. dxe5 Bxe5 13. Nxe5 Qxe5 14. Bf4
Qe7 15. Be3 Nfd7 16. Nc4 Nxc4 17. Qxc4 a6 18. Bc1 Qe6 19. Qxe6+ fxe6 20. Ba3
Nf6 21. Bd6 Kf7 22. e4 Rd8 23. Rfd1 b6 24. Rac1 Bb7 25. Bc7 Rxd1+ 26. Rxd1 b5
27. b4 Re8 28. Bb6 e5 29. f3 Bc8 30. Rc1 Bd7 31. Bc7 Ng8 32. Kf2 Nh6 33. Rd1
Be6 34. Rd6 Ke7 35. Rxc6 Kd7 36. Rc5 Rc8 37. Bxe5 Rxc5 38. bxc5 g6 39. Ke3 Kc6
40. Kd4 b4 41. Bf4 Nf7 42. Bc1 Nd8 43. f4 Kd7 44. c6+ Nxc6+ 45. Kc5 b3 46. Bf1
Nb8 47. Kb6 Bf7 48. Kb7 Nc6 49. Bh3+ 1-0

[Event "Bay Area International"]
[Site "?"]
[Date "2014.01.08"]
[Round "9"]
[White "Bregadze, Levan"]
[Black "Gorovets, Andrey"]
[Result "1/2-1/2"]
[WhiteElo "2417"]
[BlackElo "2494"]
[PlyCount "119"]
[EventDate "2014.??.??"]

1. d4 e6 2. c4 f5 3. g3 Nf6 4. Bg2 c6 5. Nh3 Be7 6. O-O O-O 7. Nc3 d5 8. b3 Ne4
9. Bb2 Nxc3 10. Bxc3 Nd7 11. Qd2 Nf6 12. Bb4 a5 13. Bxe7 Qxe7 14. Nf4 b6 15.
Rac1 Bb7 16. Nd3 Rfd8 17. Qb2 Rac8 18. a4 Ba6 19. Ne5 Nd7 20. Nd3 Nf6 21. Rfd1
Rc7 22. Ne5 Nd7 23. Nd3 Rdc8 24. Qd2 Nf6 25. c5 Bxd3 26. exd3 Rb7 27. cxb6 Rxb6
28. Qxa5 Rxb3 29. Re1 Kf7 30. Qd2 Qb4 31. Qe3 Qd6 32. Rc5 Ra8 33. Qc1 Ra6 34.
Rc2 Rb4 35. a5 Rb5 36. Rce2 Rbxa5 37. Qb2 Rb5 38. Qd2 Rb7 39. Rxe6 Qxe6 40.
Rxe6 Kxe6 41. h3 Rf7 42. Qf4 Ra1+ 43. Kh2 Ne8 44. Qb8 Nd6 45. Qb2 Ra8 46. h4
Kd7 47. Bf3 Re7 48. Kh3 g6 49. Qd2 Ra4 50. Qb2 Re1 51. Qd2 Re7 52. Qb2 h6 53.
Bd1 Ra8 54. Qd2 Rh7 55. Kg2 Rhh8 56. Bf3 Rae8 57. Qa5 Re7 58. Qa4 Kc7 59. Qa5+
Kd7 60. Qa4 1/2-1/2

[Event "Bay Area International"]
[Site "?"]
[Date "2014.01.08"]
[Round "9"]
[White "Byambaa, Uyanga"]
[Black "Cao, Jason"]
[Result "1-0"]
[WhiteElo "2028"]
[BlackElo "2151"]
[PlyCount "71"]
[EventDate "2014.??.??"]

1. e4 e5 2. Nf3 Nc6 3. Bc4 Nf6 4. Ng5 d5 5. exd5 Na5 6. Bb5+ c6 7. dxc6 bxc6 8.
Qf3 Bb7 9. Bd3 Be7 10. O-O O-O 11. Nc3 c5 12. Qh3 h6 13. Nge4 Nxe4 14. Bxe4
Bxe4 15. Nxe4 f5 16. Ng3 Qc8 17. d3 f4 18. Qxc8 Raxc8 19. Ne4 Nc6 20. Bd2 Nd4
21. c3 Nf5 22. Rad1 Rfd8 23. Bc1 Rd7 24. Rd2 Rcd8 25. Rfd1 f3 26. g3 Kf7 27. b3
g5 28. Ba3 Rc8 29. h3 h5 30. g4 hxg4 31. hxg4 Nh6 32. d4 cxd4 33. Bxe7 Kxe7 34.
cxd4 Nxg4 35. d5 Rf8 36. d6+ 1-0

[Event "Bay Area International"]
[Site "?"]
[Date "2014.01.08"]
[Round "9"]
[White "Chen, Wang"]
[Black "Ashe, Brandon"]
[Result "1/2-1/2"]
[WhiteElo "2193"]
[BlackElo "2507"]
[PlyCount "80"]
[EventDate "2014.??.??"]

1. e4 c5 2. Nc3 Nc6 3. f4 g6 4. Nf3 Bg7 5. Bb5 Nd4 6. O-O Nxb5 7. Nxb5 d5 8. e5
d4 9. c3 a6 10. Na3 d3 11. Qa4+ b5 12. Qe4 Rb8 13. Qc6+ Qd7 14. Qxc5 Nh6 15.
Qd4 O-O 16. Qxd7 Bxd7 17. b3 f6 18. exf6 exf6 19. Bb2 Rfe8 20. Rae1 Bf8 21.
Rxe8 Rxe8 22. Re1 Bc5+ 23. Kf1 Rxe1+ 24. Nxe1 Bf5 25. b4 Bd6 26. c4 Bxb4 27.
cxb5 Bxd2 28. bxa6 Bxf4 29. Nf3 d2 30. Ke2 Bd3+ 31. Kd1 Bxa6 32. Bxf6 Ng4 33.
Bd4 Nxh2 34. Nxh2 Bxh2 35. Kxd2 Bb7 36. g4 Bd5 37. Nb5 Bxa2 38. Nc3 Kf7 39.
Nxa2 Ke6 40. Ke3 h5 1/2-1/2

[Event "Bay Area International"]
[Site "?"]
[Date "2014.01.08"]
[Round "9"]
[White "Cornejo, Max"]
[Black "de Guzman, Ricardo"]
[Result "1/2-1/2"]
[WhiteElo "2365"]
[BlackElo "2409"]
[PlyCount "151"]
[EventDate "2014.??.??"]

1. e4 e5 2. Nf3 Nc6 3. Bc4 Be7 4. d4 d6 5. Nc3 Nf6 6. d5 Nb8 7. h3 a6 8. a4
Nbd7 9. Be3 Nf8 10. Be2 Ng6 11. g3 Bd7 12. Nd2 Qc8 13. h4 Ng4 14. Nf1 O-O 15.
h5 Nxe3 16. Nxe3 Nh8 17. Bd3 Bg5 18. Nf5 g6 19. Qg4 h6 20. Qxg5 hxg5 21. Ne7+
Kg7 22. Nxc8 Raxc8 23. Kd2 f6 24. Rh2 gxh5 25. Rxh5 Ng6 26. Rah1 Rh8 27. Rxh8
Nxh8 28. b4 Ng6 29. a5 Ne7 30. Nd1 f5 31. exf5 Nxd5 32. Be4 Nf6 33. Bxb7 Rb8
34. Bxa6 Rxb4 35. Bd3 e4 36. Be2 Rd4+ 37. Kc3 Ra4 38. a6 Bxf5 39. Kb3 Ra5 40.
Nc3 c5 41. Kb2 d5 42. Ra1 Rxa1 43. Kxa1 Bc8 44. a7 Bb7 45. Na4 Nd7 46. Bb5 Ne5
47. Nxc5 Ba8 48. Ne6+ Kf6 49. Nc7 Bb7 50. Ba6 Bc6 51. Be2 d4 52. Kb1 d3 53.
cxd3 exd3 54. Bd1 Nc4 55. a8=Q Bxa8 56. Nxa8 Nd2+ 57. Kc1 Ne4 58. f3 Nxg3 59.
Kd2 g4 60. fxg4 Kg5 61. Kxd3 Kf4 62. Nc7 Nh1 63. Nd5+ Ke5 64. Ke3 Ng3 65. Bf3
Nf1+ 66. Ke2 Nh2 67. Ne3 Kf4 68. Ng2+ Kg5 69. Ne3 Kf4 70. Nd5+ Kg5 71. Ne3 Kf4
72. g5 Nxf3 73. g6 Nd4+ 74. Kd3 Ne6 75. g7 Nxg7 76. Nf1 1/2-1/2